Brazilian Portuguese Words with Indigenous Origin - Statistics

General Stats
  • This quiz has been taken 22 times
  • The average score is 6 of 12
Answer Stats
Hint Answer % Correct
Abacaxi Pineapple
79%
Capivara Capybara
74%
Pipoca Popcorn
68%
Jacaré Alligator
63%
Maracujá Passionfruit
63%
Caju Cashew
53%
Amendoim Peanut
47%
Tucano Tucan
42%
Mandioca Cassava
37%
Urubu Vulture
37%
Arara Macaw
21%
Jururu Sad
21%
No matching quizzes found
Score Distribution
Percent of People with Each Score
Percentile by Number Answered
Your Score History
You have not taken this quiz